[Event "ch-RUS Blitz 2017"]
[Site "Sochi RUS"]
[Date "2017.10.02"]
[Round "8.27"]
[White "Vastrukhin, Oleg"]
[Black "Gabdushev, Ruslan"]
[Result "0-1"]
[BlackTitle "FM"]
[WhiteElo "2386"]
[BlackElo "2292"]
[WhiteFideId "4192770"]
[BlackFideId "4137833"]
[EventDate "2017.10.02"]
[EventType "blitz"]

1. e4 Nc6 2. Nf3 d6 3. d4 Bg4 4. Be3 Nf6 5. Nc3 e6 6. Bd3 d5 7. h3 Bh5 8. e5 Nd7
9. Ne2 Nb4 10. Bb5 c6 11. Ba4 b5 12. Bb3 a5 13. a4 Nb6 14. c3 Na6 15. axb5 cxb5
16. Rxa5 Nc7 17. Qa1 Rb8 18. Nf4 Bg6 19. O-O Be7 20. Ra7 O-O 21. Nxg6 hxg6 22.
g3 Qd7 23. Kg2 Qc6 24. h4 Ra8 25. Rxa8 Rxa8 26. Qb1 Nc4 27. Bf4 b4 28. cxb4 Rb8
29. h5 gxh5 30. Rh1 g6 31. Bc2 Qe8 32. Ng5 Rxb4 33. Nxf7 Rxb2 34. Nh6+ Kg7 35.
Qc1 Ba3 36. Bg5 Be7 37. Bd3 Qf8 38. Rf1 Rb3 39. Bxc4 dxc4 40. Qxc4 Qf3+ 41. Kg1
Bxg5 42. Qxc7+ Kxh6 43. Qd7 h4 44. Qxe6 hxg3 45. Qh3+ 0-1

[Event "ch-RUS Blitz 2017"]
[Site "Sochi RUS"]
[Date "2017.10.02"]
[Round "8.28"]
[White "Pridorozhni, Aleksei"]
[Black "Slavin, Alexey"]
[Result "1-0"]
[WhiteTitle "GM"]
[BlackTitle "IM"]
[WhiteElo "2565"]
[BlackElo "2364"]
[WhiteFideId "4127870"]
[BlackFideId "24104388"]
[EventDate "2017.10.02"]
[EventType "blitz"]

1. e4 c5 2. Nc3 g6 3. Nf3 Bg7 4. d4 cxd4 5. Nxd4 Nc6 6. Be3 Nf6 7. Nxc6 bxc6 8.
e5 Ng8 9. f4 f6 10. e6 d5 11. f5 Nh6 12. Bd3 Nxf5 13. Bxf5 gxf5 14. Qh5+ Kf8 15.
Qf7# 1-0

[Event "ch-RUS Blitz 2017"]
[Site "Sochi RUS"]
[Date "2017.10.02"]
[Round "9.1"]
[White "Artemiev, Vladislav"]
[Black "Andreikin, Dmitry"]
[Result "1-0"]
[WhiteTitle "GM"]
[BlackTitle "GM"]
[WhiteElo "2692"]
[BlackElo "2708"]
[WhiteFideId "24101605"]
[BlackFideId "4158814"]
[EventDate "2017.10.02"]
[EventType "blitz"]

1. Nf3 b6 2. g3 Bb7 3. Bg2 Nf6 4. O-O g6 5. b3 Bg7 6. Bb2 O-O 7. c4 c5 8. Nc3
Nc6 9. d4 Nxd4 10. Nxd4 Bxg2 11. Kxg2 cxd4 12. Qxd4 d6 13. e4 a6 14. Nd5 Rb8 15.
a4 Qd7 16. Rfd1 Qb7 17. Rd2 Rfc8 18. Kg1 Rc5 19. Re1 Rbc8 20. Qe3 Nxd5 21. exd5
Bxb2 22. Rxb2 Re8 23. Rbe2 b5 24. axb5 axb5 25. Qd4 bxc4 26. bxc4 Qb4 27. Rxe7
Qxe1+ 28. Rxe1 Rxe1+ 29. Kg2 h5 30. h4 Re5 31. Qf4 Kg7 32. Qd4 Rc8 33. f4 Rxc4
34. Qxc4 Re8 35. Qc6 Rd8 36. Qc7 1-0

[Event "ch-RUS Blitz 2017"]
[Site "Sochi RUS"]
[Date "2017.10.02"]
[Round "9.2"]
[White "Demidov, Mikhail"]
[Black "Khismatullin, Denis"]
[Result "0-1"]
[WhiteTitle "IM"]
[BlackTitle "GM"]
[WhiteElo "2521"]
[BlackElo "2628"]
[WhiteFideId "4197143"]
[BlackFideId "4142578"]
[EventDate "2017.10.02"]
[EventType "blitz"]

1. d4 Nf6 2. Nf3 d5 3. c4 e6 4. e3 b6 5. Nc3 Bb7 6. Bd3 Bd6 7. cxd5 exd5 8. Qa4+
Nbd7 9. Ba6 Qc8 10. Bxb7 Qxb7 11. O-O O-O 12. Qc2 Rac8 13. b3 Rfe8 14. Bb2 a6
15. Ne2 Ne4 16. Ng3 Re6 17. Nf5 Bf8 18. Rac1 c6 19. Ng3 Nxg3 20. hxg3 Nf6 21.
Qd3 Ne4 22. Rc2 Rh6 23. Nd2 Re8 24. Nxe4 Rxe4 25. Rfc1 Ree6 26. Bc3 Rh5 27. g4
Rg5 28. f3 h5 29. gxh5 Rxh5 30. Kf2 Rg6 31. Rg1 Bd6 32. g4 Rh3 33. Qf5 Rf6 34.
Qd3 Rfxf3+ 35. Ke2 Rxe3+ 36. Qxe3 Rxe3+ 37. Kxe3 Qe7+ 38. Kf2 Qh4+ 39. Ke2 Qh2+ 0-1

[Event "ch-RUS Blitz 2017"]
[Site "Sochi RUS"]
[Date "2017.10.02"]
[Round "9.3"]
[White "Tsydypov, Zhamsaran"]
[Black "Savchenko, Boris"]
[Result "1-0"]
[WhiteTitle "IM"]
[BlackTitle "GM"]
[WhiteElo "2529"]
[BlackElo "2581"]
[WhiteFideId "4108566"]
[BlackFideId "4147332"]
[EventDate "2017.10.02"]
[EventType "blitz"]

1. d4 Nf6 2. c4 g6 3. Nf3 Bg7 4. Nc3 d5 5. e3 O-O 6. Qb3 e6 7. Bd2 a5 8. Be2 c6
9. O-O Nbd7 10. Rfc1 Ne4 11. Be1 f5 12. Bd3 Kh8 13. Nd2 b6 14. cxd5 exd5 15. Ne2
Bb7 16. Nf4 Qe7 17. Nf3 Bf6 18. Rc2 Nd6 19. Rac1 Rfc8 20. a3 Qf7 21. Bc3 a4 22.
Qa2 Ba6 23. Bxa6 Rxa6 24. Bb4 Nc4 25. Nd2 b5 26. Nf3 c5 27. dxc5 Nxc5 28. Rd1
Rd6 29. Qb1 Rd7 30. Nd4 Bxd4 31. Rxd4 Nb3 32. Rd3 Kg8 33. Qd1 Rcd8 34. h3 d4 35.
exd4 Nxd4 36. Rxd4 Rxd4 37. Qf3 Ne5 38. Qg3 Qb3 39. Rc3 Qxb2 40. Ne6 Rd1+ 41.
Kh2 Qb1 42. Qxe5 Rh1+ 43. Kg3 Rd3+ 44. Kh4 Rdxh3+ 45. gxh3 Rxh3+ 46. Rxh3 1-0

[Event "ch-RUS Blitz 2017"]
[Site "Sochi RUS"]
[Date "2017.10.02"]
[Round "9.4"]
[White "Zvjaginsev, Vadim"]
[Black "Morozevich, Alexander"]
[Result "1/2-1/2"]
[WhiteTitle "GM"]
[BlackTitle "GM"]
[WhiteElo "2643"]
[BlackElo "2676"]
[WhiteFideId "4113403"]
[BlackFideId "4116992"]
[EventDate "2017.10.02"]
[EventType "blitz"]

1. e4 c5 2. Nf3 e6 3. Qe2 Nc6 4. c3 g6 5. d4 cxd4 6. cxd4 Bg7 7. d5 Nce7 8. dxe6
dxe6 9. g3 Nc6 10. Bg2 e5 11. O-O Bg4 12. Be3 Nge7 13. Nbd2 O-O 14. h3 Be6 15.
Ng5 Bd7 16. Rfd1 h6 17. Ngf3 Qc8 18. Kh2 Be6 19. Rac1 Rd8 20. a3 b6 21. Bf1 Qb7
22. Qa6 Qxa6 23. Bxa6 Rab8 24. b4 f5 25. Bc4 Kf7 26. Kg2 Rbc8 27. Ba6 Rb8 28. h4
Nd4 29. Nxd4 exd4 30. Bf4 Ra8 31. Bb7 fxe4 32. Bxa8 Rxa8 33. Nxe4 Nd5 34. Bd2
Rd8 35. Re1 Rd7 36. Rc6 Bf5 37. Nd6+ Kg8 38. Nxf5 gxf5 39. h5 Kh7 40. Kf3 Nf6
41. Ree6 Ne4 42. Bxh6 d3 43. Bf4 d2 44. Bxd2 Rxd2 45. h6 Ng5+ 46. Ke3 Nxe6 47.
Kxd2 Nd4 48. Rc7 Kxh6 49. Rxa7 b5 50. a4 bxa4 51. Rxa4 Kg5 52. Kd3 Nb5 53. Ra5
Nd6 54. b5 Ne4 55. Ke2 Bd4 56. Ra6 Bxf2 57. b6 Bxb6 58. Rxb6 Nxg3+ 1/2-1/2

[Event "ch-RUS Blitz 2017"]
[Site "Sochi RUS"]
[Date "2017.10.02"]
[Round "9.5"]
[White "Fedoseev, Vladimir3"]
[Black "Grachev, Boris"]
[Result "1/2-1/2"]
[WhiteTitle "GM"]
[BlackTitle "GM"]
[WhiteElo "2731"]
[BlackElo "2654"]
[WhiteFideId "24130737"]
[BlackFideId "4129199"]
[EventDate "2017.10.02"]
[EventType "blitz"]

1. d4 d5 2. c4 e6 3. Nf3 Nf6 4. Nc3 dxc4 5. e3 a6 6. Bxc4 b5 7. Be2 Bb7 8. O-O
Nbd7 9. Bd2 c5 10. Rc1 Rc8 11. dxc5 Bxc5 12. b4 Bd6 13. a4 bxa4 14. Nxa4 O-O 15.
Rxc8 Qxc8 16. Bc3 Qb8 17. h3 Bxf3 18. Bxf3 Bxb4 19. Ba1 Ne5 20. Be2 a5 21. Qd4
Ng6 22. Qc4 Rc8 23. Qa6 Qa8 24. Rd1 Qxa6 25. Bxa6 Rb8 26. Bxf6 gxf6 27. Rd7 Ne5
28. Rc7 Bd6 29. Rc8+ Rxc8 30. Bxc8 f5 31. Kf1 Nc6 32. Ke2 Ne7 33. Ba6 Nd5 34.
Bc4 Nf6 35. f3 h5 36. Kd3 Kg7 37. Kd4 h4 38. Bb5 Bc7 39. Bc6 Bb8 40. e4 fxe4 41.
fxe4 Ba7+ 42. Kd3 Nh5 43. e5 Bb8 44. Ke4 Ng3+ 45. Kf4 f6 46. Kg4 Bxe5 47. Kxh4
Nf5+ 48. Kg4 Nd4 49. Bd7 f5+ 50. Kh5 Kf6 51. g4 fxg4 52. hxg4 Nf3 53. Nc5 Bd6
54. Nxe6 Ke7 55. Bc8 a4 56. Ng7 Be5 57. Nf5+ Kf6 58. Bb7 Nd4 1/2-1/2

[Event "ch-RUS Blitz 2017"]
[Site "Sochi RUS"]
[Date "2017.10.02"]
[Round "9.6"]
[White "Alekseenko, Kirill"]
[Black "Dubov, Daniil"]
[Result "1/2-1/2"]
[WhiteTitle "GM"]
[BlackTitle "GM"]
[WhiteElo "2563"]
[BlackElo "2666"]
[WhiteFideId "4135539"]
[BlackFideId "24126055"]
[EventDate "2017.10.02"]
[EventType "blitz"]

1. e4 c5 2. Nf3 Nc6 3. d4 cxd4 4. Nxd4 Nf6 5. Nc3 e5 6. Ndb5 d6 7. Bg5 a6 8. Na3
b5 9. Nd5 Be7 10. Bxf6 Bxf6 11. c4 b4 12. Nc2 O-O 13. g3 Bg5 14. Bg2 Rb8 15. b3
a5 16. O-O Be6 17. h4 Bh6 18. Kh2 Ne7 19. Nxe7+ Qxe7 20. Bh3 Qc7 21. Qe2 Qc5 22.
Rad1 a4 23. Kg2 Ra8 24. Rd3 axb3 25. axb3 Ra2 26. Ra1 Rb2 27. Bxe6 fxe6 28. Ra6
d5 29. exd5 e4 30. Rd1 Rxb3 31. Rxe6 Rbf3 32. Rf1 b3 33. Ne1 Be3 34. Kh3 Rxf2
35. Rxf2 Bxf2 36. Rxe4 Qd6 37. Qd3 b2 38. c5 Qxg3+ 39. Qxg3 Bxg3 40. Rb4 Bxe1
41. Rxb2 Bc3 42. Rc2 Be5 43. d6 Rd8 44. Kg4 g6 45. Kf3 Kf7 46. Ke4 Ke6 47. Ra2
Rb8 48. Ra7 Rb4+ 49. Kd3 Kd5 50. d7 Rd4+ 51. Ke2 Kc6 52. d8=Q Rxd8 53. Rxh7 Kxc5
54. Rh6 Rg8 55. Kf3 Kd5 56. Kg4 Ke4 57. Rh7 Rc8 58. Kg5 Rc6 59. Re7 Ra6 60. Re8
Rb6 61. Re7 Kd5 62. Re8 Ra6 63. Rd8+ Ke4 64. Re8 Rb6 65. Re7 Rd6 66. Re8 Rd1 67.
Kxg6 Rg1+ 68. Kh5 Kf5 69. Rf8+ Bf6 70. Ra8 Rg7 71. Kh6 Rg6+ 72. Kh5 Rg7 73. Kh6
Rg4 74. Ra5+ Be5 75. h5 Rg8 76. Ra7 Bf6 77. Ra5+ Be5 78. Ra7 Re8 79. Rb7 Re6+
80. Kh7 Kg5 81. Rb1 Re7+ 82. Kg8 Kxh5 83. Kf8 Bd6 84. Kg8 Kg6 85. Rg1+ Kf5 86.
Rf1+ Bf4 87. Kf8 Rb7 88. Rf2 Kg5 89. Ke8 Kf5 90. Kf8 Ra7 91. Rf1 Ke5 92. Kg8 Bg5
93. Rf7 Ra6 94. Rf1 Bf6 95. Kf7 Ra7+ 96. Kg6 Rg7+ 97. Kh5 Rg5+ 98. Kh6 Rg2 99.
Rb1 Kf5 100. Rf1+ Ke6 101. Kh5 Be5 102. Kh4 Kd5 103. Rb1 Ke4 104. Rb4+ Kf5 105.
Kh5 Rg5+ 106. Kh4 Rg8 107. Kh3 Rg3+ 108. Kh4 Rc3 109. Kh5 Rc8 110. Rb6 Rc1 111.
Rb4 Rh1+ 112. Rh4 Rg1 113. Ra4 Re1 114. Rb4 Rg1 115. Ra4 Bc3 116. Kh4 Be5 117.
Kh5 Rh1+ 118. Rh4 Rb1 119. Ra4 Rb7 120. Ra6 Rd7 121. Rb6 Rd8 122. Ra6 Rd2 123.
Ra4 Rg2 124. Rb4 Bd6 125. Rb5+ Be5 126. Rb4 Rg5+ 127. Kh4 Rg8 128. Kh3 Rg3+ 129.
Kh4 Rc3 130. Kh5 Bd6 131. Rb5+ Bc5 132. Kh6 Kf6 133. Kh5 Kf5 134. Kh6 Ke6 135.
Ra5 Bd6 136. Ra6 Rg3 137. Rb6 Ke5 138. Kh7 Be7 139. Rg6 Rh3+ 140. Rh6 Rb3 141.
Ra6 Bf6 142. Ra5+ Ke6 143. Kg6 Rg3+ 144. Kh5 Be5 145. Kh4 Rg8 1/2-1/2

[Event "ch-RUS Blitz 2017"]
[Site "Sochi RUS"]
[Date "2017.10.02"]
[Round "9.7"]
[White "Moskalenko, Alexander"]
[Black "Bocharov, Dmitry"]
[Result "0-1"]
[WhiteTitle "IM"]
[BlackTitle "GM"]
[WhiteElo "2531"]
[BlackElo "2585"]
[WhiteFideId "4155351"]
[BlackFideId "4138716"]
[EventDate "2017.10.02"]
[EventType "blitz"]

1. d4 Nf6 2. Bg5 e6 3. e4 h6 4. Bxf6 Qxf6 5. c3 d6 6. Bd3 e5 7. Ne2 Qd8 8. O-O
Be7 9. f4 O-O 10. Nd2 Nd7 11. Nf3 exd4 12. cxd4 c5 13. Kh1 cxd4 14. Nfxd4 Nc5
15. Nc3 Re8 16. b4 Bf6 17. bxc5 Bxd4 18. Qb3 Be6 19. Nd5 Bxa1 20. Rxa1 Bxd5 21.
exd5 dxc5 22. Qxb7 Qd6 23. Bb5 Rab8 24. Qc6 Qxc6 25. Bxc6 Re2 26. h3 Rd2 27. Rc1
Rbb2 28. Rxc5 Rxg2 29. Rc1 Rh2+ 30. Kg1 Rbg2+ 31. Kf1 Rh1+ 32. Kxg2 Rxc1 33. Ba4
Rc4 34. Bb3 Rxf4 35. Kg3 g5 0-1

[Event "ch-RUS Blitz 2017"]
[Site "Sochi RUS"]
[Date "2017.10.02"]
[Round "9.8"]
[White "Alekseev, Evgeny"]
[Black "Kezin, Roman"]
[Result "1-0"]
[WhiteTitle "GM"]
[BlackTitle "FM"]
[WhiteElo "2622"]
[BlackElo "2455"]
[WhiteFideId "4138147"]
[BlackFideId "24124621"]
[EventDate "2017.10.02"]
[EventType "blitz"]

1. e4 c5 2. Nf3 e6 3. d4 cxd4 4. Nxd4 Nc6 5. Nc3 Qc7 6. g3 a6 7. Bg2 d6 8. O-O
Bd7 9. Nb3 Nf6 10. f4 Be7 11. Be3 b5 12. a3 Rc8 13. Kh1 h5 14. h3 b4 15. axb4
Nxb4 16. Qe2 Bc6 17. Qd2 e5 18. Rf2 h4 19. g4 exf4 20. Bxf4 Nd7 21. Nd4 Ne5 22.
Nf5 O-O 23. Bh6 Bf6 24. g5 Nc4 25. Qf4 Be5 26. Qxh4 gxh6 27. Nxh6+ Kg7 28. Nf5+
Kg8 29. Nd5 Bxd5 30. exd5 Nxb2 31. Be4 Qc4 32. Ne7+ 1-0

[Event "ch-RUS Blitz 2017"]
[Site "Sochi RUS"]
[Date "2017.10.02"]
[Round "9.9"]
[White "Jakovenko, Dmitry"]
[Black "Triapishko, Alexandr"]
[Result "1-0"]
[WhiteTitle "GM"]
[BlackTitle "IM"]
[WhiteElo "2710"]
[BlackElo "2500"]
[WhiteFideId "4122356"]
[BlackFideId "14122286"]
[EventDate "2017.10.02"]
[EventType "blitz"]

1. e4 e5 2. Nf3 Nc6 3. Bb5 a6 4. Ba4 d6 5. O-O Bd7 6. d4 Nf6 7. Re1 g6 8. Bxc6
Bxc6 9. dxe5 dxe5 10. Qxd8+ Rxd8 11. Nxe5 Bd7 12. Nxd7 Nxd7 13. Bf4 f6 14. Nd2
Nc5 15. Rad1 Na4 16. Rb1 Bd6 17. Bxd6 Rxd6 18. Nc4 Rd4 19. Ne3 Kf7 20. f3 Rhd8
21. Kf2 Rb4 22. Nd5 Rc4 23. c3 Rc5 24. Re2 c6 25. Ne3 Rb5 26. Rc2 Rd3 27. c4 Rh5
28. h3 Ra5 29. Ke2 Rd8 30. b3 Nb6 31. Rd1 Rxd1 32. Kxd1 Nd7 33. Ke2 Ke7 34. Rd2
b5 35. f4 Ra3 36. Rb2 Nc5 37. Nc2 Ra5 38. Nd4 Kd7 39. b4 Na4 40. Rc2 1-0

[Event "ch-RUS Blitz 2017"]
[Site "Sochi RUS"]
[Date "2017.10.02"]
[Round "9.10"]
[White "Gogolev, Artem"]
[Black "Tomashevsky, Evgeny"]
[Result "0-1"]
[BlackTitle "GM"]
[WhiteElo "2408"]
[BlackElo "2710"]
[WhiteFideId "4116615"]
[BlackFideId "4147235"]
[EventDate "2017.10.02"]
[EventType "blitz"]

1. Nf3 Nf6 2. c4 b6 3. g3 Bb7 4. Bg2 c5 5. O-O e6 6. Nc3 Be7 7. Re1 Ne4 8. Nxe4
Bxe4 9. d3 Bb7 10. e4 O-O 11. d4 cxd4 12. Nxd4 Nc6 13. Nxc6 Bxc6 14. Be3 Qc7 15.
Qe2 Qb7 16. Rad1 Rac8 17. Bf4 b5 18. cxb5 Bxb5 19. Qd2 Bc6 20. Qd4 a5 21. b3 h6
22. Rc1 Qb4 23. Red1 Qb7 24. Bd6 Bxd6 25. Qxd6 Ra8 26. Rc4 Ra6 27. Qe5 Rfa8 28.
Bf1 Rb6 29. Rcd4 a4 30. bxa4 Bxa4 31. Rc1 Bc6 32. Rd2 Rb1 0-1

[Event "ch-RUS Blitz 2017"]
[Site "Sochi RUS"]
[Date "2017.10.02"]
[Round "9.11"]
[White "Inarkiev, Ernesto"]
[Black "Usmanov, Vasily"]
[Result "0-1"]
[WhiteTitle "GM"]
[BlackTitle "IM"]
[WhiteElo "2694"]
[BlackElo "2459"]
[WhiteFideId "4162722"]
[BlackFideId "4135741"]
[EventDate "2017.10.02"]
[EventType "blitz"]

1. d4 Nf6 2. c4 e6 3. Nf3 Bb4+ 4. Bd2 Qe7 5. g3 Bxd2+ 6. Qxd2 Nc6 7. Bg2 d5 8.
O-O O-O 9. b3 dxc4 10. bxc4 Rd8 11. Qb2 Qb4 12. Qxb4 Nxb4 13. Nc3 Nc6 14. e3 Bd7
15. Rfc1 Be8 16. Rab1 Rab8 17. Nb5 Rdc8 18. Ne5 Nxe5 19. dxe5 Bxb5 20. Rxb5 c6
21. Ra5 Nd7 22. Rxa7 Nxe5 23. c5 Ra8 24. Rxb7 Rxa2 25. Be4 g6 26. h3 Rd8 27. Rc2
Rd1+ 28. Kg2 Rxc2 29. Bxc2 Rc1 30. Be4 Rxc5 31. f4 Nc4 32. Kf2 Nd6 33. Rb8+ Kg7
34. Bd3 Rc3 35. Ke2 Nf5 36. Kd2 Ra3 37. g4 Ne7 38. e4 c5 39. Rb5 c4 40. Bxc4
Rxh3 41. Rb7 Kf8 42. Rb8+ Kg7 43. Rb7 Nc6 44. Rd7 Rh2+ 45. Ke3 Kf8 46. Bb5 Rh3+
47. Kf2 Rc3 48. Rc7 Rc2+ 49. Kg3 Nd4 50. Rxc2 Nxc2 51. g5 Nd4 52. Ba4 Kg7 53.
Kf2 e5 54. fxe5 Ne6 55. Kg3 Nxg5 56. Kf4 Ne6+ 57. Kg3 Nc5 58. Bc6 Nd3 59. e6
fxe6 60. Bb5 Ne5 61. Kf4 Kf6 62. Ba4 h5 63. Bd1 g5+ 64. Ke3 g4 65. Kf4 Ng6+ 66.
Ke3 e5 67. Be2 Kg5 68. Bb5 Nf4 69. Bd7 h4 0-1

[Event "ch-RUS Blitz 2017"]
[Site "Sochi RUS"]
[Date "2017.10.02"]
[Round "9.12"]
[White "Pridorozhni, Aleksei"]
[Black "Belyakov, Bogdan"]
[Result "1-0"]
[WhiteTitle "GM"]
[BlackTitle "IM"]
[WhiteElo "2565"]
[BlackElo "2486"]
[WhiteFideId "4127870"]
[BlackFideId "24104795"]
[EventDate "2017.10.02"]
[EventType "blitz"]

1. d4 Nf6 2. Bg5 c5 3. d5 Qb6 4. Bc1 g6 5. f3 Bg7 6. e4 O-O 7. Nc3 d6 8. Bc4 e6
9. dxe6 Bxe6 10. Bxe6 fxe6 11. Nge2 d5 12. exd5 Rd8 13. Bg5 exd5 14. Bxf6 Qxf6
15. Nxd5 Qg5 16. c4 Nc6 17. O-O Bxb2 18. Rb1 Qe5 19. Qd2 Bd4+ 20. Nxd4 Nxd4 21.
Rxb7 Rab8 22. Rxa7 Rxd5 23. cxd5 Rb2 24. Qh6 Nxf3+ 25. gxf3 1-0

[Event "ch-RUS Blitz 2017"]
[Site "Sochi RUS"]
[Date "2017.10.02"]
[Round "9.13"]
[White "Popov, Mikhail"]
[Black "Sjugirov, Sanan"]
[Result "0-1"]
[WhiteTitle "FM"]
[BlackTitle "GM"]
[WhiteElo "2416"]
[BlackElo "2650"]
[WhiteFideId "4146182"]
[BlackFideId "4189302"]
[EventDate "2017.10.02"]
[EventType "blitz"]

1. d4 Nf6 2. Bf4 e6 3. e3 c5 4. Nf3 cxd4 5. exd4 b6 6. Bd3 Bb7 7. h3 Be7 8. O-O
d6 9. Nbd2 O-O 10. c3 Nbd7 11. Qe2 a6 12. a4 h6 13. Rfe1 Re8 14. Bh2 Qc7 15. Nc4
Bc6 16. Ne3 Qb7 17. Nc4 Qc7 18. Nfd2 Bf8 19. Ne3 Qb7 20. Ndc4 e5 21. dxe5 dxe5
22. Qc2 Rad8 23. Bf1 Be4 24. Qb3 Qc6 25. Rad1 Rb8 26. a5 b5 27. Nd2 Bg6 28. Nf3
Rbc8 29. Qa2 Bh5 30. Be2 Bc5 31. Nf5 Bg6 32. N3h4 Bxf5 33. Nxf5 Ne4 34. Rf1 Ndf6
35. Bf3 Rcd8 36. Rxd8 Rxd8 37. Ne3 Bxe3 38. fxe3 Qc5 39. Re1 Rd3 40. Qb1 Rxe3
41. Kh1 Nf2+ 42. Kg1 Rxe1+ 0-1

[Event "ch-RUS Blitz 2017"]
[Site "Sochi RUS"]
[Date "2017.10.02"]
[Round "9.14"]
[White "Popov, Ivan RUS"]
[Black "Korchmar, Vasiliy"]
[Result "1-0"]
[WhiteTitle "GM"]
[BlackTitle "IM"]
[WhiteElo "2599"]
[BlackElo "2399"]
[WhiteFideId "4170350"]
[BlackFideId "24131750"]
[EventDate "2017.10.02"]
[EventType "blitz"]

1. e4 e5 2. Nf3 Nc6 3. Bc4 Bc5 4. O-O Nf6 5. d3 O-O 6. a4 a6 7. h3 h6 8. c3 d6
9. Re1 Ba7 10. Nbd2 Ne7 11. d4 Ng6 12. Bb3 Re8 13. Bc2 c6 14. Nf1 d5 15. Nxe5
Nxe5 16. dxe5 Rxe5 17. Bf4 Re8 18. e5 Nd7 19. Qh5 Nf8 20. Ng3 Be6 21. Bxh6 gxh6
22. Qxh6 f5 23. exf6 Qd7 24. Re5 1-0

[Event "ch-RUS Blitz 2017"]
[Site "Sochi RUS"]
[Date "2017.10.02"]
[Round "9.15"]
[White "Tsoi, Dmitry"]
[Black "Rozum, Ivan"]
[Result "1-0"]
[WhiteTitle "FM"]
[BlackTitle "GM"]
[WhiteElo "2361"]
[BlackElo "2590"]
[WhiteFideId "24194697"]
[BlackFideId "24104272"]
[EventDate "2017.10.02"]
[EventType "blitz"]

1. e4 d6 2. d4 Nf6 3. Nc3 g6 4. f4 Bg7 5. Nf3 O-O 6. Be3 b6 7. e5 dxe5 8. dxe5
Ng4 9. Bg1 Bb7 10. Bc4 e6 11. Qxd8 Rxd8 12. Ke2 h5 13. Bd3 Nh6 14. Be4 Bxe4 15.
Nxe4 Nc6 16. c3 Rd7 17. Bf2 Nf5 18. Rhd1 Rad8 19. h3 Rxd1 20. Rxd1 Rxd1 21. Kxd1
Kf8 22. Ke2 Ke8 23. g4 hxg4 24. hxg4 Nh6 25. Nh2 Ne7 26. Kf3 Nd5 27. Nf1 Ng8 28.
Bh4 Bh6 29. Bg5 Bxg5 30. Nxg5 b5 31. Nd2 a5 32. Nde4 a4 33. b3 Nge7 34. c4 bxc4
35. bxc4 Nb4 36. Nc3 a3 37. Nge4 Nec6 38. Ke3 Na5 39. Nd2 Kd7 40. Kd4 Nac6+ 41.
Ke3 Na5 42. Kd4 Nac6+ 43. Ke3 g5 44. Ke4 gxf4 45. Nf3 Na5 46. Nd2 Kc6 47. Kxf4
Kc5 48. Ncb1 Nc2 49. Kg5 Nxc4 50. Nxc4 Kxc4 51. Kf6 Kd4 52. g5 Ne3 53. Nxa3 Ng4+
54. Kxf7 Nxe5+ 55. Kxe6 c5 56. Nb5+ Ke4 57. Nd6+ Kf4 58. a4 c4 59. Nb5 Nd3 60.
g6 Nc5+ 61. Ke7 1-0

[Event "ch-RUS Blitz 2017"]
[Site "Sochi RUS"]
[Date "2017.10.02"]
[Round "9.16"]
[White "Iljiushenok, Ilia"]
[Black "Yuffa, Daniil"]
[Result "1-0"]
[WhiteTitle "IM"]
[BlackTitle "GM"]
[WhiteElo "2519"]
[BlackElo "2527"]
[WhiteFideId "24105074"]
[BlackFideId "24131423"]
[EventDate "2017.10.02"]
[EventType "blitz"]

1. e4 Nf6 2. e5 Nd5 3. d4 d6 4. Nf3 dxe5 5. Nxe5 c6 6. Bd3 Nd7 7. Nxd7 Bxd7 8.
O-O g6 9. Nd2 Bg7 10. Nf3 Bg4 11. c3 O-O 12. h3 Bxf3 13. Qxf3 e6 14. Re1 b5 15.
Bd2 Rc8 16. Qd1 Qb6 17. Qb3 Rfd8 18. a4 bxa4 19. Qc2 Rb8 20. Rxa4 Qxb2 21. Rxa7
Qxc2 22. Bxc2 Rb2 23. Rc1 c5 24. dxc5 Bxc3 25. Bg5 Rc8 26. Be4 Bd4 27. Bxd5 exd5
28. Be3 Bxe3 29. fxe3 Rb4 30. Rd7 Rc4 31. Rf1 f5 32. Rb1 R4xc5 33. Rbb7 R5c6 34.
Rg7+ Kf8 35. Rxh7 Kg8 36. Rhg7+ Kf8 37. Rgd7 Re8 38. Rf7+ Kg8 39. Rg7+ Kh8 40.
Rh7+ Kg8 41. Kf2 Rce6 42. Kf3 Rxe3+ 43. Kf4 d4 44. Kg5 R3e6 45. Rbg7+ Kf8 46.
Rd7 d3 47. Rh8# 1-0

[Event "ch-RUS Blitz 2017"]
[Site "Sochi RUS"]
[Date "2017.10.02"]
[Round "9.17"]
[White "Potkin, Vladimir"]
[Black "Novikov, Konstantin"]
[Result "1-0"]
[WhiteTitle "GM"]
[WhiteElo "2574"]
[BlackElo "2227"]
[WhiteFideId "4131061"]
[BlackFideId "24163554"]
[EventDate "2017.10.02"]
[EventType "blitz"]

1. c4 Nf6 2. Nc3 c5 3. Nf3 Nc6 4. e3 d5 5. cxd5 Nxd5 6. Bb5 e6 7. O-O Bd6 8. d4
O-O 9. Ne4 cxd4 10. Nxd6 Qxd6 11. Nxd4 Bd7 12. Be2 Nxd4 13. Qxd4 Bc6 14. Rd1 Qb4
15. e4 Qxd4 16. Rxd4 Nf6 17. f3 Rfd8 18. Be3 e5 19. Rxd8+ Rxd8 20. Rc1 Kf8 21.
Kf2 Ke7 22. b4 a6 23. Bxa6 Ra8 24. Bc4 1-0

[Event "ch-RUS Blitz 2017"]
[Site "Sochi RUS"]
[Date "2017.10.02"]
[Round "9.18"]
[White "Moiseenko, Vadim"]
[Black "Nechaev, Oleg"]
[Result "1-0"]
[WhiteTitle "IM"]
[BlackTitle "FM"]
[WhiteElo "2558"]
[BlackElo "2410"]
[WhiteFideId "4123700"]
[BlackFideId "24113409"]
[EventDate "2017.10.02"]
[EventType "blitz"]

1. e4 c5 2. f4 Nc6 3. Nf3 g6 4. Bb5 Nd4 5. Nxd4 cxd4 6. O-O Bg7 7. f5 gxf5 8.
Rxf5 e6 9. Rf1 Qg5 10. Be2 Ne7 11. d3 Qc5 12. b4 Qc7 13. Na3 d5 14. Bf4 Qd7 15.
Qe1 O-O 16. Kh1 dxe4 17. dxe4 Ng6 18. Bg5 d3 19. cxd3 Bxa1 20. Qxa1 e5 21. Nc4
Qe6 22. Ne3 f6 23. Bh6 Rf7 24. Nd5 b6 25. Qc1 Bb7 26. Nc7 Qc6 27. Nxa8 Bxa8 28.
Qxc6 Bxc6 29. Rc1 Bb7 30. Bg4 Re7 31. b5 Kf7 32. g3 Nf8 33. Bh5+ Kg8 34. Bd1 Kf7
35. Bb3+ Ke8 36. Rf1 Nd7 37. Bc4 Kd8 38. Kg1 Kc7 39. Bd2 Rg7 40. Rf5 Bc8 41. Rh5
Nf8 42. Rh6 Ng6 43. Kf2 Kd6 44. h4 Be6 45. h5 Nf8 46. Rxf6 Ke7 47. Rxf8 Bxc4 48.
Bb4+ 1-0

[Event "ch-RUS Blitz 2017"]
[Site "Sochi RUS"]
[Date "2017.10.02"]
[Round "9.19"]
[White "Korotylev, Alexey"]
[Black "Murzin, Volodar"]
[Result "1-0"]
[WhiteTitle "GM"]
[BlackTitle "FM"]
[WhiteElo "2573"]
[BlackElo "2280"]
[WhiteFideId "4119142"]
[BlackFideId "44155573"]
[EventDate "2017.10.02"]
[EventType "blitz"]

1. Nf3 Nf6 2. c4 g6 3. Nc3 Bg7 4. e4 d6 5. d4 O-O 6. Be2 e5 7. O-O Nc6 8. d5 Ne7
9. Nd2 Nd7 10. b4 f5 11. f3 f4 12. Ba3 a5 13. bxa5 Rxa5 14. Bb4 Ra8 15. a4 Nc5
16. a5 Na6 17. Ba3 c5 18. dxc6 Nxc6 19. Nb5 Nc5 20. Nb3 Nxb3 21. Qxb3 Rxa5 22.
Bxd6 Rf7 23. c5 Rxb5 24. Bxb5 Nd4 25. Qd3 Be6 26. Bc4 Bf6 27. Bxe6 Nxe6 28. Qc4
Qd7 29. Rfb1 Kg7 30. Ra7 Nd8 31. Qd5 Kh6 32. Bf8+ Kh5 33. Qxd7 Rxd7 34. Bd6 g5
35. Kf1 Kg6 36. Ke2 Kf7 37. Rd1 Nc6 38. Ra8 Nd4+ 39. Kf1 Ke6 40. Rb1 Nc6 41.
Re8+ Kf7 42. Rc8 Be7 43. Rd1 Ke6 44. Re8 Kf7 45. Rh8 Kg7 46. Rc8 Kf7 47. Ke1 Nd4
48. Bxe5 Nc2+ 49. Ke2 Rxd1 50. Kxd1 Ne3+ 51. Ke2 Nxg2 52. Bd4 Ke6 53. Rc7 Nh4
54. Rxb7 h5 55. Bf2 Ng6 56. Rb6+ Kf7 57. c6 Bd6 58. c7 Bxc7 59. Rb7 g4 60. Rxc7+
Kg8 61. Rc5 1-0